Yellow Lyrics - Statistics

General Stats
  • This quiz has been taken 668 times
  • The average score is 37 of 41
Answer Stats
Hint Answer % Correct
Look at the {stars},
99%
Look at the {stars},
99%
Look how they {shine}...
99%
Look how they {shine} for you,
99%
Yeah they were all {yellow}.
99%
And it was {all} yellow.
98%
You know I love you {so}.
98%
And all the {things} you do,
97%
I wrote a {song} for you,
96%
Oh yeah your {skin} and bones,
95%
Your {skin},
95%
You know I {love} you so,
94%
'Cause {you} were all yellow.
93%
Look how they shine for {you},
93%
Turn into {something} beautiful.
93%
{You} know,
93%
Oh what a thing to {do},
92%
Oh yeah your skin and {bones},
92%
I drew a {line},
91%
Turn into something {beautiful},
91%
{Your} skin,
91%
And it {was} all yellow.
90%
For you I'd bleed myself {dry}.
90%
I jumped {across} for you,
90%
Look {how} they shine for...
90%
{Look} how they shine for you,
90%
{Look} how they shine for you,
90%
Look {how} they shine for you...
90%
For you I'd {bleed} myself dry,
89%
I {drew} a line for you,
89%
Look how they shine {for} you,
88%
Oh {what} a thing to do,
88%
You {know},
87%
And all the things {that} you do...
85%
And {everything} you do,
85%
And it was {called} "Yellow".
85%
I came {along},
84%
Oh what a thing to {have} done,
81%
So then I took my {turn},
64%
It's {true},
59%
I {swam} across,
57%
No matching quizzes found
Score Distribution
Percent of People with Each Score
Percentile by Number Answered
Your Score History
You have not taken this quiz